| 000 | nam a22 7a 4500 | ||
|---|---|---|---|
| 999 |
_c127171 _d127171 |
||
| 008 | 171103b xxu||||| |||| 00| 0 eng d | ||
| 020 | _a9781921666148 | ||
| 050 | _aDT2996.F534 2010 | ||
| 100 |
_aFisher, Josephine Lucy _937361 |
||
| 245 |
_aPioneers, Settlers, Aliens, Exiles _bthe decolonisation of white identity in Zimbabwe _cJosephine Lucy Fisher |
||
| 260 |
_aAustralia _bE Press _c2010 |
||
| 300 |
_axiii, 276p. ; _c25cm. |
||
| 650 |
_aDecolonization _zZimbabwe _918572 |
||
| 650 |
_aWhite _zZimbabwe _937362 |
||
| 650 |
_aZimbabwe _xPolitics _y1980- _917606 |
||
| 650 |
_aZimbabwe _xRace relations _929800 |
||
| 942 |
_2lcc _cMONOGRAPH |
||